00638nam a2200157 i 450000100060000000300090000600500170001500700030003200800410003510000400007624501540011626000500027030000210032050000840034185200550042521468ES-MaACL20231221152502.0t|021125s1914 sp ||||1| spa d1 aAlcalá Zamora, Niceto,d1877-194910aDiscurso pronunciado por Don Niceto Alcalá Zamora en el Congreso de los Diputados el 20 de abril de 1914 sobre la conducta electoral del Gobierno. aMadrid : b[s.n.], c1914 (fImpr. La Prensa) a31 p. ; c19 cm. aEn port.: Edición que el diario político La Prensa dedica á sus lectores. aES-MaACLjT-1406-F-2 z.- Enc. en un vol. facticio